Регионална библиотека "Любен Каравелов" - Русе

Мама (Запис номер 300592)

MARC детайли
000 -Лидер
Контролно поле с фиксирана дължина 00744nja a2200217 a 4500
003 - Код на организацията, давaща контролен номер
Контролно поле BLK
005 - Дата и час на последна редакция
Контролно поле 20230801120854.0
008 - Елементи от данни с фиксирана дължина
fixed length control field 180414c bul|r|ner|||| 00| c0bul d
010 ## - Наследен системен номер
LC control number NOT00001131002
040 ## - Източник на каталожния запис
Идентификатор на билиотеката - собственик на записа BLK
100 ## - Редна дума - Автор
Автор Николов, Лазар Костов
Дати, свързани с автора 1922-2005
R(LIN) 388913
245 10 - Сведения за заглавието
Заглавие Мама
Редно поле (дума) Лазар Костов Николов; текст Иван Генов.
257 ## - Страна на издаване
Страна на създаване/издаване България
380 ## - Жанр
Жанр Изкуство
700 1# - Други автори (авторска отговорност)
Лично име Генов, Иван
Автороска отговорност (Описва отношението между автора и произведението) текст
9 (RLIN) 367835
773 ## - Описание на основна библиографска единица при аналитични записи (многотомни)
Host Biblionumber 300590
Host Itemnumber 651779
Редна дума на основното описание Николов, Лазар Костов
Заглавие Песнички чудеснички
852 ## - Местоположение
Форматна сигнатура ЦБ М 1046
942 ## - АРТИКУЛИ
Вид на библиотечния материал Нотни издания
Скрит в OPAC Не
944 ## - СЪЗДАВАНЕ И РЕДАКЦИЯ на ЗАПИСА
Създаване/Редакция Създаване
Дата на регистрацията/редакция
Служител, извършил регистрацията/редакцията 30556
Статус, дата на статуса Теодора Пейчева-Дянкова
944 ## - СЪЗДАВАНЕ И РЕДАКЦИЯ на ЗАПИСА
Създаване/Редакция Редакция
Дата на регистрацията/редакция 05.12.2007
Служител, извършил регистрацията/редакцията
999 ## - СИСТЕМНИ КОНТРОЛНИ НОМЕРА
Koha biblionumber 300592
Koha biblioitemnumber 300592
Наличности
Код за отписване Код за изгубен артикул Код за повреда Коз за рестрикции Код за отдаване Артикулен № Име на библиотеката - собственик Име на библиотеката, в която се намира в момента Статус (Текущо местоположение) Дата на вписване в системата Местоположение - отдел Цена в лева Инвентарен номер Баркод Номер на екземпляра Цена в евро Служебна бележка Служебен тип на артикула Бележка за публиката
  Не е изгубен Не е повреден само за читалня ползва се в читалня 651781 Регионална библиотека "Любен Каравелов" Русе Регионална библиотека "Любен Каравелов" Русе Аналитични записи 2018-04-14 Аналитични записи 0.00 900200001131 900200001131 2 0.00 аналитичен запис Статия Това е описние на част от артикул: Песнички чудеснички
Vip Innovations Ltd, Rousse, Bulgaria 2025